000
00334nam a2200157Ia 4500
100
_a
Orlov/ P.
490
_v
3
942
_c
BK
654
_a
Machine design
245
_a
Fundamentals of machine design
260
_b
Mir Publishers
_a
Moscow
_c
1977
082
_a
621.815
_b
Orl
300
_a
271
546
_a
ENGLISH
999
_c
34341
_d
34341